Vojteková, M.: Predložky v spisovnej slovenčine a poľštine [recenzia]

Podrobná bibliografia
Hlavný autor: Čurová, Miroslava, 1984- (Autor)
Médium: Článok
Jazyk:slovenčina
ISSN:0037-6787
Predmet:
On-line prístup:http://slavu.sav.sk/casopisy/slavica/2011_01/2011_1.pdf

MARC

LEADER 00000nab a2200000 a 4500
001 vtls010346211
003 SK-MaSNL
005 20260304155945.0
008 250507 2011 xo 000 a slo
015 |a SVKPORA2012/3 
035 |a (uuid)d1a55a35-a794-4c2c-b4d0-c644a361ff41 
035 |a urn:nbn:sk:snk-ab2hup 
035 |a (urnnbn)urn:nbn:sk:snk:ar-a02fxd 
038 |a SVKPO 
040 |a SNKBUCL  |b slo  |c SNKBUCL  |e AACR2 
041 0 |a slo 
044 |a xo  |c SK 
080 |a 811.162.4  |2 2001 
080 |a 811.162.1  |2 2001 
080 |a 81'367.633  |2 2001 
100 1 |a Čurová, Miroslava,  |d 1984-  |4 aut  |9 414309 
245 1 0 |a Vojteková, M.: Predložky v spisovnej slovenčine a poľštine  |b [recenzia]  |c Miroslava Čurová 
650 0 7 |a slovenčina  |2 svkpocl  |9 1350 
650 0 7 |a poľština  |2 svkpocl  |9 1349 
650 0 7 |a predložky  |2 svkpocl  |9 900207 
655 7 |a recenzie  |2 svkpocl  |9 21907 
773 0 |t Slavica slovaca  |g Roč 46, č. 1 (2011), s. 76-77  |x 0037-6787 
787 0 8 |i Rec.:  |a Vojteková, Marta  |t Predložky v spisovnej slovenčine a poľštine  |d Prešov : Prešovská univerzita, 2008  |z 9788080688981 
850 |a Slovenská národná knižnica 
852 |a Slovenská národná knižnica 
856 4 1 |u http://slavu.sav.sk/casopisy/slavica/2011_01/2011_1.pdf 
910 |a svkpo 
954 |a odborná, vedecká literatúra pôvodná (slovenská)  |2 lita 
958 |a article27 
958 |a SK 
958 |a NB 
958 |a SS 
958 |a OND 
958 |a EUIPO 
999 |c 2964800  |d 2966730